LEADER 02182nam 2200553Ia 450 001 9910454507503321 005 20200520144314.0 010 $a0-8214-4137-X 035 $a(CKB)1000000000712788 035 $a(OCoLC)70734813 035 $a(CaPaEBR)ebrary10091943 035 $a(SSID)ssj0000432155 035 $a(PQKBManifestationID)11301750 035 $a(PQKBTitleCode)TC0000432155 035 $a(PQKBWorkID)10477753 035 $a(PQKB)10346869 035 $a(MiAaPQ)EBC3026836 035 $a(Au-PeEL)EBL3026836 035 $a(CaPaEBR)ebr10091943 035 $a(EXLCZ)991000000000712788 100 $a20040506d2004 ub 0 101 0 $aeng 135 $aurcn||||||||| 181 $ctxt 182 $cc 183 $acr 200 10$aPictorial Victorians$b[electronic resource] $ethe inscription of values in word and image /$fJulia Thomas 210 $aAthens $cOhio University Press$dc2004 215 $a1 online resource (225 p.) 300 $aBibliographic Level Mode of Issuance: Monograph 311 $a0-8214-1591-3 320 $aIncludes bibliographical references (p. [185]-197) and index. 327 $aWar and peace: word and image in mid-Victorian culture -- Picturing slavery: Uncle Tom's cabin and its early illustrations -- Pictures, poems, politics: illustrating Tennyson -- Crinolineomania: Punch's female malady -- Nation and narration: the Englishness of Victorian narrative painting -- Tale of two stories: Joseph Noel Paton's In memoriam -- Telling tales: adultery and maternity in past and present. 606 $aIllustration of books, Victorian$zGreat Britain 606 $aIllustration of books$zGreat Britain$xHistory$y19th century 606 $aNational characteristics in art 608 $aElectronic books. 615 0$aIllustration of books, Victorian 615 0$aIllustration of books$xHistory 615 0$aNational characteristics in art. 676 $a741.6/4/094109034 700 $aThomas$b Julia$f1971-$0964447 801 0$bMiAaPQ 801 1$bMiAaPQ 801 2$bMiAaPQ 906 $aBOOK 912 $a9910454507503321 996 $aPictorial Victorians$92455655 997 $aUNINA LEADER 03734 am 2201021 n 450 001 9910768386203321 005 20231110144751.0 010 $a979-1-0969-8225-7 024 7 $a10.4000/books.eurorbem.2855 035 $a(PPN)270136665 035 $a(EXLCZ)995590000001038853 100 $a20230419j|||||||| ||| 0 101 0 $afre 135 $auu||||||m|||| 200 10$aJournal, fiction, identité(s) $eModernités littéraires d'Europe centrale (1880-1920) à travers les ?uvres de Géza Csáth, Karol Irzykowski, Ladislav Klíma /$fMateusz Chmurski 210 $aParis $cEur?Orbem Éditions$d2021 215 $a1 online resource (432 p.) 311 $a979-1-0969-8200-4 330 $aQuel rôle la pratique du journal personnel peut-elle jouer dans l?existence de son auteur et comment saisir la circulation de l?autobiographique et du fictionnel dans une ?uvre, dans une vie ? La mise en parallèle de l?écriture de soi dans l??uvre de trois écrivains centre-européens, trois citoyens de l?Autriche-Hongrie du début du XXe siècle, permet d?explorer le labyrinthe de leurs constructions identitaires, une modernité autre : multilingue, entrouverte, étendue entre théorie et pratique du texte. Une analyse convergente du corps du texte et du texte du corps dans les écrits du Polonais Karol Irzykowski (1873-1944), du Tchèque Ladislav Klíma (1878-1928) et du Hongrois Géza Csáth (1887-1919) dévoile la généalogie de leurs premiers gestes d?écriture, intimes, bien souvent survenus en crise, mais poursuivis pendant un moment, ou toute une vie. Les traces du vécu derrière les lignes de l??uvre. 517 $aJournal, fiction, identité 517 $aJournal, fiction, identité 517 $aJournal, fiction, identité 606 $aLiterature (General) 606 $aCzech literature 606 $acorrespondence 606 $adiaristic writing 606 $aPrag 606 $aWarsaw 606 $aidentity 606 $amodernism 606 $aCentral Europe 606 $apsychoanalysis 606 $arealism 606 $aself writing 606 $asubconscious 606 $ajournal intime 606 $aintertextualité 606 $amodernité 606 $aréalisme 606 $amodernisme 606 $aécriture diaristique 606 $asatire 606 $apsychanalyse 606 $aschizophrénie 606 $atexte-corps 606 $aidentité 606 $amémoire 606 $ainconscient 606 $aautobiographisme 606 $acorrespondance 606 $ajournal personnel 606 $apacte autobiographique 615 4$aLiterature (General) 615 4$aCzech literature 615 4$acorrespondence 615 4$adiaristic writing 615 4$aPrag 615 4$aWarsaw 615 4$aidentity 615 4$amodernism 615 4$aCentral Europe 615 4$apsychoanalysis 615 4$arealism 615 4$aself writing 615 4$asubconscious 615 4$ajournal intime 615 4$aintertextualité 615 4$amodernité 615 4$aréalisme 615 4$amodernisme 615 4$aécriture diaristique 615 4$asatire 615 4$apsychanalyse 615 4$aschizophrénie 615 4$atexte-corps 615 4$aidentité 615 4$amémoire 615 4$ainconscient 615 4$aautobiographisme 615 4$acorrespondance 615 4$ajournal personnel 615 4$apacte autobiographique 700 $aChmurski$b Mateusz$01377923 801 0$bFR-FrMaCLE 906 $aBOOK 912 $a9910768386203321 996 $aJournal, fiction, identite´(s)$93415650 997 $aUNINA